000 01087nam a22002537a 4500
005 20170124103033.0
010 _aA-885605
020 _c60.00
035 _aA-885605
037 _bCen Lib/Ret
040 _aDPL
_bHN
082 _a
_bरामप्र
100 _aरामप्रकाश 'अनुरागी'
_942542
245 _aप्रात: की प्रतीक्षा /
_cरामप्रकाश 'अनुरागी'
246 _aPraat ki pratiksha /
_bby Ram Prakash 'Anuragi'
260 _aनई दिल्ली
_bजगतराम एंड संस
_c1997
270 _bनई दिल्ली
_a24/4855, अंसारी रोड, दरियागंज
_e110002
300 _a108पृ.
_c21सेमी (सजिल्द)
650 _a हिन्दी साहित्य
_964593
650 _a हिन्दी साहित्य -- उपन्यास
_946379
650 _aHindi literature
_964594
650 _aHindi literature -- Fiction
_964595
942 _2ddc
_cHN
_h
_mरामप्र
999 _c116055
_d116055